Pokemon : Les formes de Prismillon - Statistiques

Statistiques générales
  • Ce quiz a été pris 23 fois
  • Le résultat moyen est 10 sur 20
Statistiques - réponses
Par images Réponse % Correct
Sable
100%
Poké Ball
86%
Fantaisie
71%
Banquise
64%
Glace
64%
Jungle
64%
Blizzard
57%
Continent
50%
Floraison
50%
Monarchie
50%
Rivage
43%
Soleil Levant
43%
Mangrove
36%
Métropole
36%
Archipel
29%
Verdure
29%
Cyclone
21%
Delta
21%
Sécheresse
21%
Zénith
21%
Aucun quiz correspondant
Distribution des résultats
% des personnes avec chaque résultat
Percentile par nombre de réponses
Votre historique - résultats
Vous n’avez pas pris ce quiz